Historia crítica de la Restauración Borbónica en España (Record no. 160729)

MARC details
000 -LEADER
campo de control de longitud fija 00953nam a2200193 i 4500
001 - NÚMERO DE CONTROL
campo de control 160729
003 - IDENTIFICADOR DE NÚMERO DE CONTROL
campo de control ES-MaACL
005 - FECHA Y HORA DE LA ÚLTIMA TRANSACCIÓN
campo de control 20250604062547.0
008 - DATOS DE LONGITUD FIJA--INFORMACIÓN GENERAL
campo de control de longitud fija 980129m18951897sp a |||| | spa d
040 ## - FUENTE DE CATALOGACIÓN
Centro catalogador/agencia de origen NA
Lengua de catalogación spa
Centro/agencia transcriptor NA
100 1# - ENTRADA PRINCIPAL--NOMBRE DE PERSONA
Nombre de persona Nogués, Emilio J.M.
9 (RLIN) 130514
245 10 - MENCIÓN DEL TÍTULO
Título Historia crítica de la Restauración Borbónica en España
Resto del título : (veinticinco años de historia contemporánea) /
Mención de responsabilidad, etc. por Emilio J. M. Nogués ; continuación de la historia de la revolución española por Vicente Blasco Ibañez.
260 ## - PUBLICACIÓN, DISTRIBUCIÓN, ETC.
Lugar de publicación, distribución, etc. Barcelona :
Nombre del editor, distribuidor, etc. La Enciclopedia Democrática, casa editorial de Román Gil,
Fecha de publicación, distribución, etc. 1895-1897 (
Fabricante Establecimiento tipográfico de B. Baseda)
300 ## - DESCRIPCIÓN FÍSICA
Extensión 3 v.(1238 p., [13] h. de lám. ; 1011 p., [6] h. de lám. ; 1174 p., [15] h. de lám.) ;
Dimensiones 28 cm.
596 ## - NOTA AL PIE DE IMPRENTA
NOTA AL PIE DE IMPRENTA Marca tip. en v. de antep. en los 3 tomos.
651 #7 - PUNTO DE ACCESO ADICIONAL DE MATERIA--NOMBRE GEOGRÁFICO
Nombre geográfico España-
Subdivisión general Historia-
Subdivisión cronológica S.XIX
Fuente del encabezamiento o término
9 (RLIN) 142005
852 ## - LOCALIZACIÓN
Ubicación ES-MaACL
Número de control de estantería G-3321-23
Nota libre -- Enc. hol.
Holdings
Estatus retirado Estado de pérdida Estado de daño No para préstamo Colección Biblioteca de origen Biblioteca actual Ubicación en estantería Fecha de adquisición Total de préstamos Signatura topográfica completa Código de barras Visto por última vez Precio de reemplazo Tipo de ítem Koha
        Libros del s. XIX Biblioteca del Ateneo de Madrid Biblioteca del Ateneo de Madrid Depósito 2 17/01/2008   G-3321-23 1168311 23/02/2023 23/02/2023 Libro impreso antiguo